[Event "4NCL Division 2b"]
[Site "Northampton, ENG"]
[Date "2017.01.14"]
[Round "3.86"]
[White "Fallowfield, Jeremy R"]
[Black "McCarthy, Damian"]
[Result "1-0"]
[WhiteElo "2170"]
[BlackElo "1885"]
[PlyCount "151"]
[EventDate "2017.01.14"]
[WhiteTeam "Warwickshire Select 1"]
[BlackTeam "Bradford DCA Knights A"]

1. d4 d5 2. c4 c6 3. cxd5 cxd5 4. Nc3 Nf6 5. f3 Nc6 6. e4 e6 7. e5 Nd7 8. f4
Be7 9. Nf3 a6 10. Bd3 b5 11. O-O g6 12. Ne2 Qb6 13. Be3 Bb7 14. Bf2 Rc8 15. g4
b4 16. Rc1 a5 17. f5 Ba6 18. fxe6 fxe6 19. Nf4 Nd8 20. Rxc8 Bxc8 21. Qc2 Ba6
22. Bxa6 Qxa6 23. b3 Rf8 24. Be3 Rf7 25. Rf2 Nf8 26. Nh3 Kd7 27. Nhg5 Rg7 28.
Nh3 h5 29. Bh6 Rg8 30. gxh5 gxh5+ 31. Rg2 Rxg2+ 32. Kxg2 Nf7 33. Bxf8 Bxf8 34.
Nf4 Be7 35. Qg6 Nd8 36. Qxh5 a4 37. Qh7 axb3 38. axb3 Qa2+ 39. Kg3 Qxb3 40. Ng6
Nc6 41. Nf8+ Kc7 42. Nxe6+ Kb6 43. Qf7 Qc2 44. Nf4 b3 45. Nxd5+ Ka5 46. Ne3 Qc3
47. Qd5+ Kb4 48. Qe4 Ka3 49. d5 Nxe5 50. Qxe5 Qxe5+ 51. Nxe5 b2 52. N5c4+ Kb3
53. Nxb2 Kxb2 54. Nf5 Bf6 55. Kg4 Kc3 56. Kh5 Kc4 57. d6 Kd5 58. Kg6 Ke6 59. h3
Bd8 60. Nh6 Bh4 61. Kg7 Bg3 62. Nf7 Bh4 63. Kf8 Kd7 64. Kg7 Ke6 65. Kg6 Bg3 66.
Ng5+ Kd7 67. Ne4 Bh4 68. Kf5 Be1 69. Ke5 Bh4 70. Nf6+ Kd8 71. Ke6 Bg3 72. d7
Bf2 73. Ne4 Be3 74. Nd6 Bb6 75. Nf7+ Kc7 76. d8=Q+ 1-0

[Event "4NCL Division 2b"]
[Site "Northampton, ENG"]
[Date "2017.01.14"]
[Round "3.83"]
[White "Bak, Christopher"]
[Black "Brooks, Phil J"]
[Result "1/2-1/2"]
[WhiteElo "2025"]
[BlackElo "2169"]
[PlyCount "73"]
[EventDate "2017.01.14"]
[WhiteTeam "Bradford DCA Knights A"]
[BlackTeam "Warwickshire Select 1"]

1. c4 e6 2. Nf3 d5 3. b3 Be7 4. Bb2 Bf6 5. Nc3 Ne7 6. g3 O-O 7. Bg2 c5 8. O-O
Nbc6 9. Na4 Bxb2 10. Nxb2 b6 11. cxd5 Nxd5 12. Nc4 Bb7 13. Qc1 Qe7 14. Qb2 Rad8
15. Rfd1 f6 16. d4 b5 17. Ncd2 Nxd4 18. Nxd4 cxd4 19. Qxd4 Nb6 20. Qh4 Bxg2 21.
Kxg2 Rd5 22. Nf3 Rfd8 23. Rxd5 Rxd5 24. Rc1 Qd7 25. Qe4 e5 26. g4 Rd6 27. e3
Nd5 28. Kg3 Ne7 29. h3 Rc6 30. Rxc6 Qxc6 31. Qd3 Kf7 32. Qd8 g6 33. Nh4 Qc2 34.
Qd7 Qc6 35. Qd8 Qc8 36. Qd6 Qc6 37. Qd8 1/2-1/2

[Event "4NCL Division 2b"]
[Site "Northampton, ENG"]
[Date "2017.01.14"]
[Round "3.74"]
[White "McKay, Roderick M"]
[Black "Punnett, Alan K"]
[Result "1-0"]
[WhiteElo "2340"]
[BlackElo "2047"]
[PlyCount "85"]
[EventDate "2017.01.14"]
[WhiteTeam "Alba"]
[BlackTeam "Guildford 3"]

1. d4 Nf6 2. Nf3 d5 3. c4 dxc4 4. e3 Bg4 5. h3 Bh5 6. Nc3 e6 7. Bxc4 Nbd7 8. e4
Nb6 9. Bd3 Bxf3 10. gxf3 h6 11. Be3 c6 12. Qc2 Be7 13. Rg1 Nh5 14. f4 Qc7 15.
e5 O-O-O 16. O-O-O g5 17. f5 Bb4 18. f6 Nd5 19. Nxd5 Rxd5 20. Be4 Rd7 21. Kb1
Rhd8 22. h4 Nf4 23. hxg5 hxg5 24. Rxg5 Nd5 25. Rdg1 Qa5 26. Rg8 Rxg8 27. Rxg8+
Rd8 28. Rg7 Rd7 29. Qb3 Bd2 30. Bxd5 Bxe3 31. a3 Bxd4 32. Bxe6 fxe6 33. f7 Bc5
34. Qxe6 Qd2 35. Rg8+ Kc7 36. f8=Q Bxf8 37. Rxf8 Qe1+ 38. Ka2 Qe4 39. f4 Rd5
40. Qe7+ Kb6 41. Qb4+ Qxb4 42. axb4 Kb5 43. e6 1-0

[Event "4NCL Division 2b"]
[Site "Northampton, ENG"]
[Date "2017.01.14"]
[Round "3.72"]
[White "Shaw, John"]
[Black "Osborne, Marcus E"]
[Result "0-1"]
[WhiteElo "2437"]
[BlackElo "2224"]
[PlyCount "68"]
[EventDate "2017.01.14"]
[WhiteTeam "Alba"]
[BlackTeam "Guildford 3"]

1. e4 c5 2. Be2 Nc6 3. f4 g6 4. Nf3 Bg7 5. O-O d6 6. c3 Nf6 7. d3 O-O 8. Na3
Rb8 9. Qe1 b5 10. Qh4 Bg4 11. Nc2 Qb6 12. Ne3 Bxf3 13. Rxf3 c4 14. Rh3 cxd3 15.
Bxd3 b4 16. Kh1 h5 17. Bd2 bxc3 18. Bxc3 Nb4 19. Be2 Rfc8 20. f5 Nxa2 21. Nc4
Rxc4 22. Bxc4 Nxc3 23. Rxc3 g5 24. Qe1 Ng4 25. Rf3 Qxb2 26. Ra2 Qe5 27. g3 Qd4
28. Rb3 Rxb3 29. Bxb3 Ne3 30. Ra4 Qd3 31. Rb4 Bc3 32. Rb8+ Kg7 33. Qf2 Qxe4+
34. Kg1 Qb1+ 0-1

[Event "4NCL Division 2b"]
[Site "Northampton, ENG"]
[Date "2017.01.14"]
[Round "3.77"]
[White "Smart, Michael R"]
[Black "Findlay, David John"]
[Result "0-1"]
[WhiteElo "1995"]
[BlackElo "2161"]
[PlyCount "168"]
[EventDate "2017.01.14"]
[WhiteTeam "Guildford 3"]
[BlackTeam "Alba"]

1. e4 e5 2. d4 exd4 3. c3 Nf6 4. e5 Nd5 5. Qxd4 Nb6 6. Nf3 Nc6 7. Qe4 Qe7 8.
Bd3 d5 9. exd6 Qxe4+ 10. Bxe4 Bxd6 11. O-O O-O 12. Nbd2 Bd7 13. a4 a5 14. Nb3
Nd8 15. Nbd4 Nxa4 16. Nf5 Bxf5 17. Bxf5 Nb6 18. Nd4 Be7 19. Nf3 Bf6 20. Rd1 c6
21. Be3 Nd5 22. Bc5 Re8 23. Bd7 Ne6 24. Bxe8 Nxc5 25. c4 Nb6 26. b4 Bxa1 27.
bxc5 Nxc4 28. Bxc6 bxc6 29. Rxa1 Rd8 30. g3 Rd5 31. Rb1 g6 32. Rc1 Ne5 33. Nxe5
Rxe5 34. f4 Rd5 35. Rc4 Kf8 36. Kg2 Ke7 37. Kf3 Kd7 38. h4 h5 39. Rc3 Ke6 40.
g4 hxg4+ 41. Kxg4 a4 42. Re3+ Kf6 43. Re4 a3 44. Ra4 Rxc5 45. Rxa3 Rc4 46. Ra8
c5 47. Ra6+ Kg7 48. Rc6 Rc1 49. Rc7 c4 50. f5 c3 51. fxg6 Kxg6 52. Rc6+ f6 53.
h5+ Kg7 54. h6+ Kg6 55. Kf3 Rh1 56. Kg2 Rxh6 57. Rxc3 Rh4 58. Kg3 Ra4 59. Rc6
Kg5 60. Rc5+ f5 61. Rb5 Ra3+ 62. Kf2 Kg4 63. Rb4+ f4 64. Rb2 Rh3 65. Rb4 Rh2+
66. Kg1 Ra2 67. Rb8 Kg3 68. Rg8+ Kf3 69. Rf8 Ra1+ 70. Kh2 Rf1 71. Re8 Kf2 72.
Rf8 f3 73. Rf7 Re1 74. Ra7 Re2 75. Ra3 Rd2 76. Ra8 Ke3+ 77. Kg3 Rg2+ 78. Kh3
Rg5 79. Re8+ Kf2 80. Rf8 Rg7 81. Rf6 Rh7+ 82. Kg4 Kg2 83. Kf4 f2 84. Rg6+ Kh1
0-1